Sideways arithmetic from Wayside School / (Record no. 735)

MARC details
000 -LEADER
fixed length control field 01682nam a22003617a 4500
005 - DATE AND TIME OF LATEST TRANSACTION
control field 20240710150211.0
020 ## - INTERNATIONAL STANDARD BOOK NUMBER
International Standard Book Number 0590424165 (pbk.)
020 ## - INTERNATIONAL STANDARD BOOK NUMBER
International Standard Book Number 9780590424165 (pbk.)
020 ## - INTERNATIONAL STANDARD BOOK NUMBER
International Standard Book Number 0590457268 (pbk.)
020 ## - INTERNATIONAL STANDARD BOOK NUMBER
International Standard Book Number 9780590457262 (pbk.)
020 ## - INTERNATIONAL STANDARD BOOK NUMBER
International Standard Book Number 1435299574 (lib. bdg.)
020 ## - INTERNATIONAL STANDARD BOOK NUMBER
International Standard Book Number 9781435299573 (lib. bdg.)
040 ## - CATALOGING SOURCE
Original cataloging agency JED
Transcribing agency JED
Modifying agency SLC
-- OHI
-- OCL
-- BTCTA
-- YDXCP
-- OCLCG
-- QJB
-- SINLB
-- MDK
-- CZA
-- XY4
-- BAKER
-- KZV
-- TXJ
-- VICSF
-- LF3
-- KF5
-- EDK
-- DLC
Language of cataloging eng
050 00 - LIBRARY OF CONGRESS CALL NUMBER
Classification number QA95
Item number .S234 1989
082 04 - DEWEY DECIMAL CLASSIFICATION NUMBER
Classification number 793.7/4
Edition number 20
100 1# - MAIN ENTRY--PERSONAL NAME
Personal name Sachar, Louis,
Dates associated with a name 1954-
245 10 - TITLE STATEMENT
Title Sideways arithmetic from Wayside School /
Statement of responsibility, etc. Louis Sachar.
250 ## - EDITION STATEMENT
Edition statement This edition first printing, September 2004
260 ## - PUBLICATION, DISTRIBUTION, ETC.
Place of publication, distribution, etc. New York, NY :
Name of publisher, distributor, etc. Scholastic,
Date of publication, distribution, etc. 2004.
300 ## - PHYSICAL DESCRIPTION
Extent 89 pages :
Other physical details illustrations ;
Dimensions 20 cm.
490 0# - SERIES STATEMENT
Series statement Wayside School (Book).
500 ## - GENERAL NOTE
General note "An Apple paperback."
505 ## - FORMATTED CONTENTS NOTE
Formatted contents note Q <br/>
520 ## - SUMMARY, ETC.
Summary, etc. Book Description: Everyone take out your spelling books," said Mrs. Jewls. "It's time for arithmetic." Sue is so excited for her first day at Wayside School. But things at Wayside are far from normal-and Sue's teacher, Mrs. Jewls, is completely wacky. She expects the students to add and subtract words! Sue has never heard of anything so ridiculous. She knows adding apples plus oranges is impossible...or is it? Anything can happen at Wayside School.
521 1# - TARGET AUDIENCE NOTE
Target audience note 670 <br/>
Source Lexile <br/>
521 1# - TARGET AUDIENCE NOTE
Target audience note Q <br/>
Source Raz-Plus <br/>
650 #0 - SUBJECT ADDED ENTRY--TOPICAL TERM
Topical term or geographic name entry element Mathematical recreations
Form subdivision Juvenile literature.
650 #0 - SUBJECT ADDED ENTRY--TOPICAL TERM
Topical term or geographic name entry element Arithmetic
Form subdivision Problems, exercises, etc.
-- Juvenile literature.
650 #1 - SUBJECT ADDED ENTRY--TOPICAL TERM
Topical term or geographic name entry element Puzzles.
906 ## - LOCAL DATA ELEMENT F, LDF (RLIN)
a 7
b cbc
c copycat
d 3
e ncip
f 20
g y-gencatlg
942 ## - ADDED ENTRY ELEMENTS (KOHA)
Source of classification or shelving scheme Dewey Decimal Classification
Koha item type Books
Suppress in OPAC No
999 ## -
-- 735
-- 735
Holdings
Withdrawn status Lost status Source of classification or shelving scheme Damaged status Not for loan Collection Home library Current library Shelving location Date acquired Total Checkouts Full call number Barcode Date last seen Copy number Price effective from Koha item type
    Dewey Decimal Classification     Juvenile Fiction Footprints International School Library Network Toul Kork Campus Footprints International School Library Network Toul Kork Campus TK Primary Library Room(4th Floor), Bookcase 5&6, Shelves 33-56, Orange Books 07/04/2023   SAC 793.74 QA95.S234 FISTK05500 07/04/2023 1 07/04/2023 Books
    Dewey Decimal Classification     Juvenile Fiction Footprints International School Library Network Toul Kork Campus Footprints International School Library Network Toul Kork Campus TK Primary Library Room(4th Floor), Bookcase 5&6, Shelves 33-56, Orange Books 07/10/2024   SAC 793.74 QA95.S234 FISTK00117 07/10/2024 2 07/10/2024 Books
    Dewey Decimal Classification     Juvenile Fiction Footprints International School Library Network Toul Kork Campus Footprints International School Library Network Toul Kork Campus TK Primary Library Room(4th Floor), Bookcase 5&6, Shelves 33-56, Orange Books 07/10/2024   SAC 793.74 QA95.S234 FISTKG4B042 07/10/2024 3 07/10/2024 Books